000 00585nam a2200181Ia 4500
008 151202s9999||||xx |||||||||||||| ||und||
082 _bPNVM-36490
100 _aमंगळवेढेकर राजा.
245 _aचित्रांगण.
260 _b"अतुल प्रकाशन,पुणे."
260 _c1986
300 _a96
600 _aमंगळवेढेकर राजा.
630 _aचित्रांगण.
700 _aमंगळवेढेकर राजा.
730 _aचित्रांगण.
942 _cBOOK
999 _c1302442
_d1302439